Pediatric clinical skills / (Record no. 8470)

MARC details
000 -LEADER
fixed length control field 02148cam a22002294a 4500
020 ## - INTERNATIONAL STANDARD BOOK NUMBER
ISBN 9781437713978
020 ## - INTERNATIONAL STANDARD BOOK NUMBER
ISBN 1437713971
050 10 - CALL NUMBER
Classification number RJ50
Item number .P34
245 00 - TITLE
Title Pediatric clinical skills /
Statement of responsibility, etc [edited by] Richard B. Goldbloom.
250 ## - EDITION
Edition statement Fourth edition.
260 ## - PUBLICATION INFORMATION
Place of publication Canada
Name of publisher Elsevier
Year of publication 2011
300 ## - DESCRIPTION
Number of Pages xvi, 330 pages :
Other physical details illustrations (some color) ;
Dimensions 28 cm.
500 ## - NOTES
General note includes index.
505 0# - FORMATTED CONTENTS NOTE
Table of Content Family interviewing and history-taking / Richard B. Goldbloom -- Skills for culturally sensitive care / Richard B. Goldbloom -- Assessing physical growth and nutrition / Richard B. Goldbloom -- Evaluating the newborn : diagnostic approach / Alexandra A. Howlett, Krista A. Jangaard -- Assessing congenital anomalies / Mark D. Ludman -- Developmental and behavioral assessment / Sarah E. Shea -- Examining the head and neck / D. Anna Jarvis -- Examining the visual system / G. Robert LaRoche -- Evaluating the respiratory system / Daniel M. Hughes -- Cardiovascular assessment of infants and children / Andrew E. Warren, Douglas L. Roy -- Evaluating gastrointestinal symptoms / Mohsin Rashid -- Surgical assessment of the abdomen / Michael Giacomantonio -- Neurological examination / Joseph M. Dooley -- Psychiatric assessment of children and adolescents / Harriet L. MacMillan, Jan Ellen Fleming, Ellen Jamieson -- Musculoskeletal examination / Bianca A. Lang -- Clinical endocrine evaluation / Elizabeth A. Cummings, Sonia R. Salisbury -- Approaching the adolescent / Alexa L. Bagnell -- Gynecological assessment / Joan B. Wenning -- Assessing the skin / Laura A. Finlayson -- Caring for children with chronic conditions and their families / Richard B. Goldbloom -- Clinical evaluation for possible child abuse / Steven Bellemare -- Assessing the appropriate role for children in health decisions / Nuala P. Kenny, Linda E. Skinner -- Palliative care / Gerri Frager, David LaPierre.
650 #0 - SUBJECTS
Topical Term Children
General subdivision Medical examinations.
650 #0 - SUBJECTS
Topical Term Children
General subdivision Diseases
-- Diagnosis.
650 #0 - SUBJECTS
Topical Term Medical history taking.
650 #0 - SUBJECTS
Topical Term Physical diagnosis.
700 1# - OTHER AUTHORS
Personal name Goldbloom, Richard B.
942 ## - ADDED ENTRY ELEMENTS (KOHA)
Koha item type Books
Holdings
Withdrawn status Lost status Collection code Home library Current library Shelving location Date acquired Source of acquisition Full call number Accession Number Koha item type
    Reference Methodist University Library Main Methodist University Library Main General Stacks 16/08/2025 Purchased from University Of Ghana Book Shop Main RJ50 .P34 9142 Books
    Reference Methodist University Library Main Methodist University Library Main General Stacks 16/08/2025 Purchased from University Of Ghana Book Shop Main RJ50 .P34 8959 Books
    Reference Methodist University Library Main Methodist University Library Main General Stacks 16/08/2025 Purchased from University Of Ghana Book Shop Main RJ50 .P34 8960 Books
    Reference Methodist University Library Main Methodist University Library Main General Stacks 16/08/2025 Purchased from University Of Ghana Book Shop Main RJ50 .P34 9149 Books
Copyright © 2026  MUG Library